000 00374nam a22001457a 4500
003 macl
005 20170718122251.0
008 170718b xxu||||| |||| 00| 0 eng d
040 _cmacl
100 _aBhagat, Ritu
_968254
245 _aForging Pakistan: Region and Politics
260 _aNew Delhi
_bAnamika Publishers
_c2016
650 _aPolitic
_917415
942 _2ddc
_cBK
999 _c56760
_d56760